|
|
|
|
| LEADER |
00000nam0a2200000 4500 |
| 001 |
268320 |
| 005 |
20231101234145.0 |
| 035 |
|
|
|a (RuTPU)RU\TPU\book\291471
|
| 090 |
|
|
|a 268320
|
| 100 |
|
|
|a 20140901d1986 k y0rusy5003 ca
|
| 101 |
0 |
|
|a rus
|
| 102 |
|
|
|a RU
|
| 105 |
|
|
|a a z 000zy
|
| 200 |
1 |
|
|a Автоматическое управление технологическими процессами в горной промышленности
|e межвузовский научный тематический сборник
|f Свердловский горный институт им. В. В. Вахрушева ; под ред. А. Е. Тропа
|
| 210 |
|
|
|a Свердловск
|c Изд-во УрГУ
|d 1986
|
| 215 |
|
|
|a 110 с.
|c ил.
|
| 606 |
1 |
|
|a Горная промышленность, предприятия
|2 stltpush
|3 (RuTPU)RU\TPU\subj\7482
|
| 610 |
1 |
|
|a автоматизация
|
| 610 |
1 |
|
|a автоматическое управление
|
| 610 |
1 |
|
|a технологические процессы
|
| 610 |
1 |
|
|a подземная добыча
|
| 610 |
1 |
|
|a управление
|
| 610 |
1 |
|
|a полезные ископаемые
|
| 610 |
1 |
|
|a обогащение
|
| 675 |
|
|
|a 622.012:658.5
|z rus
|v 3
|
| 702 |
|
1 |
|a Троп
|b А. Е.
|4 340
|
| 712 |
0 |
2 |
|a Свердловский горный институт им. В. В. Вахрушева
|c (1934-1991)
|2 stltpush
|3 (RuTPU)RU\TPU\col\6743
|9 24264
|
| 801 |
|
0 |
|a RU
|b RuMRKP
|c 19950704
|g psbo
|
| 801 |
|
1 |
|a RU
|b 63413507
|c 20140901
|
| 801 |
|
2 |
|a RU
|b 63413507
|c 20161010
|g RCR
|
| 942 |
|
|
|c BK
|